000 00780nam a2200265Ia 4500
003 OSt
005 20220918221954.0
006 a|||||r|||| 00| 0
007 ta
008 220917b |||||||| |||| 00| 0 eng d
024 _a214,073
037 _cTextual
040 _aARTS
_cARTS
_beng
041 _2eng
_aeng
082 _aY15:(A), P1
100 _aMayberry Maralee Ed.
_9141833
245 0 _aFeminist science studies
_b A new generation
260 _aNewYork
_bRoutledge
_c2001
300 _aix, 354 p
_ccm.
650 _aSOCIOLOGY
700 _a Subramaniam Banu Ed.
_9141834
700 _a Weasel Lisa H. Ed.
_9141835
942 _hY15:(A), P1
_cTEXL
_2CC
999 _c274135
_d274135